000 00645nam a2200253Ia 4500
003 OSt
005 20221005114055.0
006 a|||||r|||| 00| 0
007 ta
008 221004b |||||||| |||| 00| 0 eng d
024 _a42912
037 _cTextual
040 _aCRL
_cCRL
_beng
041 _2eng
_aeng
082 _aO13:6C56:14, C3
100 _aXenophon
_9598056
245 0 _aAnabasis ed by E D Stone Bk 4
260 _c1893
490 _aElementary classics; 1
650 _a ENGLISH LITERATURE
650 _aGREEK LITERATURE
942 _hO13:6C56:14, C3
_cTEXL
_2cc
999 _c1030157
_d1030157